000 00738nam a2200277Ia 4500
005 20260324112622.0
008 008 260324s9999 xx 000 0 eng d
020 _a9781003404361
037 _aEBOOK
040 _aCRL
040 _beng
040 _cCRL
041 _2eng
041 _aeng
084 _qCRL
100 _aInam Ullah Khan; Mariya Ouaissa; Mariyam Ouaissa; Zakaria Abou El Houda; Muhammad Fazal Ijaz
_91143452
245 0 _aCyber Security for Next-Generation Computing Technologies
260 _bTaylor and Francis
260 _c2024
365 _a
365 _b260
856 _uhttp://www.taylorfrancis.com/books/9781003404361
942 _cEBOOK
999 _c1732722
_d1732722